[Event "Championnat de Paris open Fide"]
[Site "Paris"]
[Date "2016.07.15"]
[Round "7.18"]
[White "Alfred, Nathan S W"]
[Black "Spielmann, Alain"]
[Result "1-0"]
[WhiteElo "2264"]
[BlackElo "2252"]
[PlyCount "67"]
[EventDate "2016.??.??"]

1. d4 f5 2. e4 fxe4 3. Nc3 Nf6 4. f3 d5 5. fxe4 dxe4 6. Bc4 Nc6 7. Nge2 e5 8.
Bg5 Bf5 9. O-O Bg6 10. Nd5 Be7 11. Bxf6 Bxf6 12. c3 Qd6 13. Qb3 O-O-O 14. Nxf6
gxf6 15. Be6+ Kb8 16. d5 Ne7 17. c4 f5 18. Qc3 f4 19. b4 Bh5 20. Qb2 Bxe2 21.
Qxe2 e3 22. Qb2 Ng6 23. Rac1 Qe7 24. c5 Qg5 25. b5 Nh4 26. d6 f3 27. dxc7+ Kxc7
28. b6+ Kb8 29. Bh3 Rd2 30. c6 bxc6 31. bxa7+ Ka8 32. Qb6 Rc8 33. Rb1 Rdd8 34.
Qb7# 1-0

[Event "Championnat de Paris open Fide"]
[Site "Paris"]
[Date "2016.07.15"]
[Round "7.19"]
[White "Kathmale, Sameer"]
[Black "Aranaz Murillo, Amalia"]
[Result "0-1"]
[WhiteElo "2298"]
[BlackElo "2255"]
[PlyCount "82"]
[EventDate "2016.??.??"]

1. e4 e6 2. d4 d5 3. Nc3 Nf6 4. e5 Nfd7 5. f4 c5 6. Nf3 Be7 7. Be3 O-O 8. Qd2
b6 9. a4 Nc6 10. Bb5 Bb7 11. O-O f5 12. Nd1 cxd4 13. Nxd4 Nxd4 14. Bxd4 Nc5 15.
Nf2 g5 16. fxg5 Bxg5 17. Qe1 Kh8 18. Ra3 Rg8 19. a5 Rc8 20. axb6 axb6 21. Rh3
Rg7 22. Qe2 Ne4 23. Rd1 Qg8 24. Kh1 Bf4 25. Nd3 Rg4 26. Nxf4 Rxf4 27. c3 Qg6
28. Ra1 Rg8 29. g3 Rg4 30. Rh4 Rxg3 31. Ba6 Rg2 32. Qf1 Rxh2+ 33. Rxh2 Ng3+ 34.
Kg2 Nxf1+ 35. Kxf1 Ra8 36. Rg2 Rxa6 37. Rxa6 Bxa6+ 38. Kf2 Qh5 39. Bxb6 Qh4+
40. Kg1 Bd3 41. Bf2 Qh5 0-1

[Event "Championnat de Paris open Fide"]
[Site "Paris"]
[Date "2016.07.15"]
[Round "7.20"]
[White "Maleki, Manuel"]
[Black "Kambrath, Yannick"]
[Result "0-1"]
[WhiteElo "2248"]
[BlackElo "2376"]
[PlyCount "44"]
[EventDate "2016.??.??"]

1. Nf3 Nf6 2. c4 e6 3. Nc3 d5 4. d4 Bb4 5. Bg5 h6 6. Bxf6 Qxf6 7. cxd5 exd5 8.
Qb3 Qd6 9. a3 Bxc3+ 10. Qxc3 O-O 11. e3 Bf5 12. Be2 Nd7 13. O-O Nf6 14. Rfc1 c6
15. b4 Ne4 16. Qb2 b6 17. a4 Bg4 18. Rab1 Bxf3 19. Bxf3 f5 20. g3 b5 21. Qc2
Rf6 22. Bg2 Raf8 {suite illisible} 0-1

[Event "Championnat de Paris open Fide"]
[Site "Paris"]
[Date "2016.07.15"]
[Round "7.21"]
[White "Gatineau, Yovann"]
[Black "Pruvot, Louis"]
[Result "1/2-1/2"]
[WhiteElo "2206"]
[BlackElo "2216"]
[PlyCount "39"]
[EventDate "2016.??.??"]

1. d4 d5 2. c4 e6 3. Nf3 c6 4. Qc2 Bd6 5. e3 f5 6. Ne5 Nf6 7. Bd3 Nbd7 8. f4
Ne4 9. O-O O-O 10. Nd2 Ndf6 11. Ndf3 Bd7 12. b3 Qe7 13. Bd2 Rfc8 14. c5 Bc7 15.
b4 Be8 16. a4 Nd7 17. b5 Bxe5 18. Nxe5 Nxe5 19. fxe5 b6 20. Bb4 1/2-1/2

[Event "Championnat de Paris open Fide"]
[Site "Paris"]
[Date "2016.07.15"]
[Round "7.22"]
[White "Duquesne, Adrien"]
[Black "Louis, Thibault"]
[Result "0-1"]
[WhiteElo "2241"]
[BlackElo "2307"]
[PlyCount "74"]
[EventDate "2016.??.??"]

1. d4 Nf6 2. c4 e6 3. Nc3 Bb4 4. Nf3 b6 5. Bg5 Bb7 6. e3 h6 7. Bh4 O-O 8. Bd3
d6 9. O-O Bxc3 10. bxc3 g5 11. Bg3 Ne4 12. Qc2 f5 13. h4 Nd7 14. hxg5 hxg5 15.
Bh2 Qf6 16. Nd2 Nxd2 17. Qxd2 Rf7 18. f3 e5 19. c5 bxc5 20. Rab1 Nb6 21. dxc5
dxc5 22. Rxb6 axb6 23. Bc4 Rd8 24. Bxf7+ Kxf7 25. Qc2 Rd6 26. g4 f4 27. Qh7+
Qg7 28. Qf5+ Kg8 29. exf4 gxf4 30. Re1 e4 31. Bxf4 Rf6 32. Qe5 exf3 33. g5 Rf7
34. Qe6 Qxc3 35. g6 Qd4+ 36. Re3 f2+ 37. Kh2 Qxf4+ 0-1

[Event "Championnat de Paris open Fide"]
[Site "Paris"]
[Date "2016.07.16"]
[Round "8.2"]
[White "Abergel, Thal"]
[Black "Satyapragyan, Swayangsu"]
[Result "1/2-1/2"]
[WhiteElo "2457"]
[BlackElo "2467"]
[PlyCount "37"]
[EventDate "2016.??.??"]

1. Nf3 Nf6 2. g3 b6 3. Bg2 Bb7 4. O-O e6 5. d4 c5 6. c4 cxd4 7. Nxd4 Bxg2 8.
Kxg2 Qc8 9. b3 Be7 10. Bb2 O-O 11. Nc3 Nc6 12. Rc1 Qb7 13. Kg1 Rfd8 14. Nxc6
dxc6 15. Qc2 c5 16. Rcd1 h6 17. Rxd8+ Rxd8 18. Rd1 Rd7 19. Rxd7 1/2-1/2

[Event "Championnat de Paris open Fide"]
[Site "Paris"]
[Date "2016.07.16"]
[Round "8.3"]
[White "Moiseenko, Alexander"]
[Black "Mohammad Nubairshah"]
[Result "1/2-1/2"]
[WhiteElo "2649"]
[BlackElo "2415"]
[PlyCount "128"]
[EventDate "2016.??.??"]

1. d4 d5 2. c4 c6 3. Nc3 dxc4 4. e4 b5 5. a4 b4 6. Nce2 Nf6 7. Ng3 Ba6 8. Nf3
e6 9. Bg5 Qa5 10. Rc1 b3+ 11. Bd2 Qxa4 12. Ra1 Qb5 13. Ne5 Qb6 14. Nxc4 Qxd4
15. Qxb3 Bxc4 16. Bxc4 Nbd7 17. Bc3 Qb6 18. Bxe6 Qxb3 19. Bxb3 Bc5 20. Ba4 Rc8
21. b4 Bb6 22. f3 g6 23. Ke2 Ke7 24. Rhd1 Rhd8 25. Rac1 h5 26. Nf1 Nf8 27. Rxd8
Rxd8 28. Bxf6+ Kxf6 29. Rxc6+ Ne6 30. Bb3 Bg1 31. Bxe6 fxe6 32. Rc4 Ke5 33. h4
Rd4 34. Rc5+ Kf6 35. Rb5 Rc4 36. Nd2 Rc3 37. g4 hxg4 38. fxg4 Bb6 39. h5 Re3+
40. Kd1 Rg3 41. e5+ Kg7 42. Nc4 Rxg4 43. Nxb6 axb6 44. hxg6 Kxg6 45. Rxb6 Kf5
46. Rb5 Rd4+ 47. Kc2 Rd5 48. Rb6 Kxe5 49. Kc3 Rd1 50. Rb8 Kf4 51. Rf8+ Ke4 52.
b5 Rb1 53. Kc4 e5 54. Rh8 Kf3 55. Rh3+ Kf2 56. Rh2+ Kf3 57. Rh3+ Kf2 58. Rb3
Rxb3 59. Kxb3 e4 60. b6 e3 61. b7 e2 62. b8=Q e1=Q 63. Qf4+ Kg1 64. Qg4+ Kf1
1/2-1/2

[Event "Championnat de Paris open Fide"]
[Site "Paris"]
[Date "2016.07.16"]
[Round "8.4"]
[White "Hemant, Sharma Del"]
[Black "Sochacki, Christophe"]
[Result "1/2-1/2"]
[WhiteElo "2299"]
[BlackElo "2414"]
[PlyCount "70"]
[EventDate "2016.??.??"]

1. e4 g6 2. Nc3 Bg7 3. g3 c5 4. Bg2 Nc6 5. d3 e6 6. f4 Nge7 7. Nf3 d5 8. O-O
O-O 9. h3 b6 10. Kh2 dxe4 11. Nxe4 Qc7 12. Qe2 Bb7 13. c3 Rad8 14. Nf2 Rd7 15.
Be3 Nf5 16. Bd2 Rfd8 17. Rad1 e5 18. Rfe1 Re7 19. Qf1 h5 20. h4 Bh6 21. Nxe5
Rxe5 22. fxe5 Nxg3 23. Kxg3 Bxd2 24. Rxd2 Nxe5 25. Bxb7 Nxd3+ 26. Kg2 Nf4+ 27.
Kg1 Rxd2 28. Bg2 Rxb2 29. Qc4 b5 30. Qe4 Kg7 31. Bf1 Rxa2 32. Qe5+ Qxe5 33.
Rxe5 b4 34. Rxc5 Ra1 35. cxb4 Ne2+ 1/2-1/2

[Event "Championnat de Paris open Fide"]
[Site "Paris"]
[Date "2016.07.16"]
[Round "8.5"]
[White "Loiseau, Quentin"]
[Black "Philippe, Guillaume"]
[Result "1/2-1/2"]
[WhiteElo "2436"]
[BlackElo "2321"]
[PlyCount "114"]
[EventDate "2016.??.??"]

1. d4 Nf6 2. Nf3 e6 3. c4 c5 4. d5 exd5 5. cxd5 d6 6. h3 g6 7. e4 Bg7 8. Bd3 a6
9. a4 Nbd7 10. Nbd2 Nh5 11. Nc4 Nb6 12. Nxb6 Qxb6 13. O-O Qd8 14. Bg5 Bf6 15.
Be3 Bxb2 16. Rb1 Bg7 17. e5 O-O 18. g4 dxe5 19. gxh5 Bxh3 20. Re1 Qxd5 21. h6
Bf6 22. Bf1 Qxd1 23. Rbxd1 Bg4 24. Be2 b5 25. Bxc5 Rfc8 26. Bd6 e4 27. Ne5 Bxe2
28. Rxe2 Bg5 29. Rxe4 Bxh6 30. Nd7 Bg7 31. Rde1 Bc3 32. R1e3 Rd8 33. Re7 Rac8
34. Rf3 Rc6 35. Be5 Bxe5 36. Nxe5 Re6 37. Rxe6 fxe6 38. axb5 axb5 39. Rb3 Rd5
40. Nc6 Kg7 41. Na7 Kf6 42. Nxb5 h5 43. Rf3+ Rf5 44. Kg2 Rxf3 45. Kxf3 g5 46.
Nc3 g4+ 47. Ke4 Kg5 48. Ne2 h4 49. Ke5 g3 50. f3 g2 51. Ng1 h3 52. Nxh3+ Kh4
53. Ng1 Kg3 54. Ke4 Kf2 55. Nh3+ Kg3 56. Nf4 g1=N 57. Nxe6 Nxf3 1/2-1/2

[Event "Championnat de Paris open Fide"]
[Site "Paris"]
[Date "2016.07.16"]
[Round "8.6"]
[White "Justo, Damian"]
[Black "Shirazi, Kamran"]
[Result "0-1"]
[WhiteElo "2304"]
[BlackElo "2350"]
[PlyCount "44"]
[EventDate "2016.??.??"]

1. d4 Nf6 2. Nf3 d6 3. g3 b6 4. Bg2 Bb7 5. c4 e6 6. O-O c5 7. d5 exd5 8. Nh4
Qd7 9. cxd5 g6 10. e4 Bg7 11. Qc2 Na6 12. a3 O-O 13. Ra2 c4 14. Qxc4 Rac8 15.
Qe2 Nc5 16. Nc3 Rfe8 17. b4 Ba6 18. b5 Nfxe4 19. Nxe4 Bxb5 20. Bh3 f5 21. Bxf5
gxf5 22. Qh5 fxe4 0-1

[Event "Championnat de Paris open Fide"]
[Site "Paris"]
[Date "2016.07.16"]
[Round "8.7"]
[White "Konguvel, Ponnuswamy"]
[Black "Eden, James"]
[Result "1/2-1/2"]
[WhiteElo "2379"]
[BlackElo "2293"]
[PlyCount "88"]
[EventDate "2016.??.??"]

1. e4 e5 2. Nf3 Nc6 3. d4 exd4 4. Nxd4 Nf6 5. Nxc6 bxc6 6. e5 Qe7 7. Qe2 Nd5 8.
c4 Nb6 9. Nc3 g6 10. Bd2 Bg7 11. O-O-O O-O 12. f4 a5 13. h4 Ba6 14. Qe4 Qe6 15.
c5 Bxf1 16. cxb6 Bc4 17. bxc7 Bxa2 18. Nxa2 Qxa2 19. Bc3 d5 20. Qe3 Rac8 21. f5
gxf5 22. Rh3 Qa1+ 23. Kd2 Qa4 24. Bd4 f4 25. Qxf4 c5 26. Be3 Qxf4 27. Bxf4 Rxc7
28. Rg3 Rc6 29. h5 h6 30. Kc2 d4 31. Ra1 Ra8 32. Kd3 Rb8 33. Rxa5 Rxb2 34. Kc4
Rf2 35. Rg4 d3 36. Kxd3 c4+ 37. Kc3 Kh7 38. Ra7 Rxf4 39. Rxf4 Bxe5+ 40. Kc2
Bxf4 41. Rxf7+ Kg8 42. Rxf4 Rc5 43. Kc3 Kg7 44. g4 Rc8 1/2-1/2

[Event "Championnat de Paris open Fide"]
[Site "Paris"]
[Date "2016.07.16"]
[Round "8.8"]
[White "Manoeuvre, Antoine"]
[Black "Eggleston, David J"]
[Result "0-1"]
[WhiteElo "2314"]
[BlackElo "2376"]
[PlyCount "140"]
[EventDate "2016.??.??"]

1. d4 Nf6 2. c4 e6 3. Nc3 Bb4 4. Qc2 O-O 5. a3 Bxc3+ 6. Qxc3 b6 7. Nf3 Bb7 8.
Bg5 d6 9. Nd2 h6 10. Bh4 Nbd7 11. f3 c5 12. e3 Rc8 13. dxc5 Rxc5 14. b4 Rc8 15.
Qb2 e5 16. Be2 Re8 17. O-O Nf8 18. Rfd1 Ng6 19. Bf2 Qe7 20. e4 h5 21. Bf1 h4
22. a4 Nh5 23. a5 Qg5 24. axb6 Ngf4 25. Nb3 Re6 26. Re1 axb6 27. Ra7 Rg6 28.
Qd2 Nh3+ 29. Kh1 Qxd2 30. Nxd2 Nxf2+ 31. Kg1 Nh3+ 32. Kh1 Ng3+ 33. hxg3 Nf2+
34. Kg1 hxg3 35. Re2 Rb8 36. Rxf2 gxf2+ 37. Kxf2 Re6 38. Nb1 Re7 39. Ra2 Ra8
40. Rd2 Re6 41. Nc3 Bc6 42. Rc2 Ree8 43. Rd2 Red8 44. Be2 Kf8 45. Bd1 Ra3 46.
Rc2 Ba4 47. Rc1 Bxd1 48. Nxd1 Rb3 49. b5 Rc8 50. Ne3 Rxb5 51. Rd1 Rb2+ 52. Kg3
Rd8 53. Ra1 g6 54. Ra7 Rc8 55. Ra4 b5 56. cxb5 Rxb5 57. Ra3 Rb4 58. Ra6 Rd4 59.
Nd5 Rd8 60. Kg4 Kg7 61. Rb6 Rd2 62. g3 Rd4 63. Kg5 Rd3 64. Kg4 Rd7 65. Rb8 f5+
66. Kg5 Rxf3 67. g4 fxe4 68. Rb4 Rdf7 69. Rxe4 Rd3 70. Nb6 Rf4 0-1

[Event "Championnat de Paris open Fide"]
[Site "Paris"]
[Date "2016.07.16"]
[Round "8.9"]
[White "Antonio, Viani D'Cunha"]
[Black "Song, Julien"]
[Result "1-0"]
[WhiteElo "2305"]
[BlackElo "2338"]
[PlyCount "59"]
[EventDate "2016.??.??"]

1. e4 e5 2. Nf3 Nc6 3. Bc4 Nf6 4. d3 Bc5 5. Nbd2 O-O 6. Bb3 d6 7. c3 Ne7 8. Nf1
Ng6 9. Ne3 c6 10. O-O Bb6 11. Nf5 Nf4 12. g3 Ne6 13. Kh1 Nc5 14. Bc2 Bxf5 15.
exf5 e4 16. dxe4 Ncxe4 17. Nd4 d5 18. f3 Nd6 19. g4 c5 20. Ne2 d4 21. cxd4 cxd4
22. Nxd4 Nc4 23. Bb3 Rc8 24. Nb5 Nd5 25. Re1 Qh4 26. Re4 Rfe8 27. Qxd5 Qf2 28.
Rxe8+ Rxe8 29. Be3 Qxb2 30. Rd1 1-0

[Event "Championnat de Paris open Fide"]
[Site "Paris"]
[Date "2016.07.16"]
[Round "8.10"]
[White "Roser, Kevin"]
[Black "Midonet, Matthieu"]
[Result "1-0"]
[WhiteElo "2394"]
[BlackElo "2213"]
[PlyCount "85"]
[EventDate "2016.??.??"]

1. e4 c5 2. Nf3 Nc6 3. Bb5 e6 4. O-O Nge7 5. d4 cxd4 6. Nxd4 Qb6 7. Nxc6 bxc6
8. Bd3 Ng6 9. c4 Be7 10. Nc3 d6 11. Rb1 O-O 12. Be3 Qc7 13. f4 e5 14. f5 Nf4
15. Bc2 Rd8 16. Qf3 Bb7 17. Bb3 Nd3 18. Bh6 Bf6 19. Bxg7 Kxg7 20. Qxd3 Kh8 21.
Rbd1 a5 22. Kh1 Ba6 23. Rf3 a4 24. Bc2 Rab8 25. b3 axb3 26. axb3 Rd7 27. Qd2
Rg8 28. Qh6 Qd8 29. Rh3 Rg7 30. Rhd3 Bg5 31. Qh5 Qa5 32. Qh3 Qd8 33. Na4 Bc8
34. Qf3 Qe7 35. Nb6 Rd8 36. Nxc8 Rxc8 37. Rxd6 Qa7 38. f6 Rgg8 39. Qf5 Rce8 40.
Rd7 Qa2 41. Rxf7 Rg6 42. Qd7 Qxc2 43. Rxh7+ 1-0

[Event "Championnat de Paris open Fide"]
[Site "Paris"]
[Date "2016.07.16"]
[Round "8.11"]
[White "Aranaz Murillo, Amalia"]
[Black "Sundararajan, Kidambi"]
[Result "0-1"]
[WhiteElo "2255"]
[BlackElo "2456"]
[PlyCount "136"]
[EventDate "2016.??.??"]

1. Nf3 Nf6 2. c4 g6 3. g3 Bg7 4. Bg2 O-O 5. O-O d6 6. d4 Nbd7 7. Nc3 e5 8. e4
c6 9. b3 Re8 10. h3 a6 11. Re1 b5 12. d5 Qc7 13. Ba3 c5 14. Bb2 Rb8 15. Nd2 Rf8
16. cxb5 axb5 17. a4 bxa4 18. Nxa4 Ne8 19. Bc3 f5 20. Nb2 Ndf6 21. Nbc4 fxe4
22. Nxe4 Nxe4 23. Rxe4 Bf5 24. Re2 h5 25. Ra6 Qd7 26. Kh2 Qb5 27. Ra3 g5 28.
Rea2 g4 29. hxg4 Bxg4 30. Qc2 Rb7 31. Qg6 Rbf7 32. Be1 Rf6 33. Qd3 h4 34. gxh4
Rf4 35. Qg3 Bf3 36. Bxf3 Rxf3 37. Qg6 Rxb3 38. Nxd6 Nxd6 39. Qxd6 Rxa3 40. Rxa3
Qe2 41. Rg3 Qxe1 42. Rxg7+ Kxg7 43. Qe7+ Rf7 44. Qg5+ Kh7 45. Qh5+ Kg8 46. Qg4+
Rg7 47. Qe6+ Kh7 48. Qf5+ Kh6 49. Qf6+ Kh7 50. Qf5+ Rg6 51. Qf7+ Kh6 52. Qf8+
Kh5 53. Qf5+ Kxh4 54. Qxg6 Qxf2+ 55. Kh1 Qe1+ 56. Kg2 Qd2+ 57. Kf3 Qxd5+ 58.
Ke2 Qc4+ 59. Kd2 Qf4+ 60. Kc2 e4 61. Qh7+ Kg3 62. Qg7+ Kf2 63. Qe7 Kf1 64. Kd1
e3 65. Qe6 Qf3+ 66. Kc2 e2 67. Qc4 Qf2 68. Kb3 Kg2 0-1

[Event "Championnat de Paris open Fide"]
[Site "Paris"]
[Date "2016.07.16"]
[Round "8.12"]
[White "Gahan M G"]
[Black "Bergez, Luc"]
[Result "0-1"]
[WhiteElo "2249"]
[BlackElo "2341"]
[PlyCount "112"]
[EventDate "2016.??.??"]

1. e4 c6 2. d4 d5 3. f3 dxe4 4. fxe4 e5 5. Nf3 exd4 6. Bc4 Nd7 7. O-O Ngf6 8.
Kh1 Bd6 9. Qxd4 Qe7 10. Bg5 Ne5 11. Bxf6 gxf6 12. Nbd2 Bg4 13. Qf2 O-O-O 14.
Bb3 Kb8 15. Qh4 Nxf3 16. gxf3 Bc7 17. Nc4 Be6 18. Rad1 Qc5 19. Rxd8+ Rxd8 20.
Qf2 Qxf2 21. Rxf2 Bf4 22. Kg2 Kc7 23. Kf1 Rd1+ 24. Ke2 Rh1 25. Ne3 Rxh2 26. Ng4
Rh1 27. Nxf6 Be5 28. Ng4 Bxb2 29. Rg2 a5 30. Nf2 Ra1 31. Nd3 Bd4 32. Nf4 Bxb3
33. axb3 b5 34. Rh2 a4 35. bxa4 bxa4 36. Rxh7 Kb6 37. c3 a3 38. cxd4 a2 39. Rh8
Re1+ 40. Kxe1 a1=Q+ 41. Ke2 Qxd4 42. Rb8+ Ka5 43. Ra8+ Kb5 44. Nd3 c5 45. Rb8+
Ka4 46. Ra8+ Kb3 47. Rb8+ Kc2 48. Ne1+ Kc3 49. Rf8 Qd2+ 50. Kf1 Qd7 51. Rh8 Kd2
52. Rh2+ Kd1 53. Ra2 Qh3+ 54. Rg2 c4 55. e5 Qh1+ 56. Rg1 Qxg1+ 0-1

[Event "Championnat de Paris open Fide"]
[Site "Paris"]
[Date "2016.07.16"]
[Round "8.13"]
[White "Salles, Louis"]
[Black "Alfred, Nathan S W"]
[Result "0-1"]
[WhiteElo "2207"]
[BlackElo "2264"]
[PlyCount "94"]
[EventDate "2016.??.??"]

1. e4 c5 2. Nf3 d6 3. d4 cxd4 4. Nxd4 Nf6 5. Nc3 a6 6. h3 g6 7. g4 Bg7 8. Bg2
O-O 9. O-O Nc6 10. Nde2 Bd7 11. Be3 b5 12. Qd2 Rb8 13. Nd5 Re8 14. Rad1 b4 15.
f4 Nxd5 16. exd5 Na5 17. b3 Qc7 18. Nd4 Qc3 19. Qf2 Rbc8 20. Rd2 Bb5 21. Ne2
Bxe2 22. Rxe2 Nb7 23. Kh1 Nc5 24. f5 Rf8 25. Bg5 f6 26. Bc1 Nd7 27. Rxe7 Ne5
28. Qa7 Rf7 29. Rxf7 Nxf7 30. fxg6 hxg6 31. Qxa6 Qxc2 32. Bf4 Re8 33. Qc6 Re2
34. Qxc2 Rxc2 35. Rc1 Rxa2 36. Rc4 g5 37. Bg3 f5 38. gxf5 Bc3 39. Bf1 Rb2 40.
Rc8+ Kg7 41. Bc4 Kf6 42. Rc6 Be5 43. Bxe5+ Nxe5 44. Rxd6+ Kxf5 45. Kg1 Kf4 46.
Re6 Nf3+ 47. Kf1 Kg3 0-1

[Event "Championnat de Paris open Fide"]
[Site "Paris"]
[Date "2016.07.16"]
[Round "8.14"]
[White "Kambrath, Yannick"]
[Black "Dubois, Loic"]
[Result "1-0"]
[WhiteElo "2376"]
[BlackElo "2271"]
[PlyCount "79"]
[EventDate "2016.??.??"]

1. d4 d5 2. c4 Nc6 3. cxd5 Qxd5 4. e3 e5 5. Nc3 Bb4 6. Bd2 Bxc3 7. Bxc3 exd4 8.
Ne2 Bg4 9. f3 Bxf3 10. gxf3 Qxf3 11. Nxd4 Qxh1 12. Nxc6 Nf6 13. Bxf6 gxf6 14.
Nd4 O-O-O 15. Qg4+ Kb8 16. Nf3 h5 17. Qh3 Rhe8 18. Kf2 f5 19. Re1 f4 20. e4 Rg8
21. Bg2 Qxg2+ 22. Qxg2 Rxg2+ 23. Kxg2 c5 24. Re2 Kc7 25. Rd2 Re8 26. e5 Re6 27.
Rc2 Kb6 28. Rc4 f6 29. Rxf4 fxe5 30. Re4 Kc6 31. Rxe5 Rxe5 32. Nxe5+ Kd5 33.
Ng6 Kd4 34. Nf4 Ke3 35. Nxh5 Kd2 36. h4 b5 37. Ng3 c4 38. h5 b4 39. h6 Kc2 40.
h7 1-0

[Event "Championnat de Paris open Fide"]
[Site "Paris"]
[Date "2016.07.16"]
[Round "8.15"]
[White "Kulkarni, Rakesh"]
[Black "Mohammad, Fahim"]
[Result "1-0"]
[WhiteElo "2296"]
[BlackElo "2244"]
[PlyCount "83"]
[EventDate "2016.??.??"]

1. e4 c5 2. c3 d5 3. exd5 Qxd5 4. d4 Nc6 5. Nf3 Bg4 6. Be2 e6 7. O-O Nf6 8. Na3
Be7 9. h3 Bf5 10. Be3 cxd4 11. Nb5 O-O 12. Nfxd4 Rad8 13. Nxc6 Qxc6 14. Qb3 a6
15. Nd4 Qc8 16. Nxf5 exf5 17. Bf3 Ne4 18. Rfe1 Qc6 19. Bd4 Bh4 20. Re2 Rfe8 21.
Qc2 Rd6 22. a4 Rde6 23. Rae1 h6 24. b4 Bd8 25. g3 Bc7 26. Bg2 b5 27. axb5 axb5
28. Qd3 Bb6 29. Bxb6 Qxb6 30. Bxe4 Rxe4 31. Rxe4 fxe4 32. Rxe4 Rc8 33. Re5 Qf6
34. Qe4 Qd8 35. Rc5 Ra8 36. Rxb5 Ra1+ 37. Kg2 g6 38. Rd5 Qf6 39. Qe8+ Kh7 40.
Rd8 h5 41. Qg8+ Kh6 42. Qh8+ 1-0

[Event "Championnat de Paris open Fide"]
[Site "Paris"]
[Date "2016.07.16"]
[Round "8.16"]
[White "Micottis, Dorian"]
[Black "Iglesias, Joachim"]
[Result "1/2-1/2"]
[WhiteElo "2248"]
[BlackElo "2281"]
[PlyCount "36"]
[EventDate "2016.??.??"]

1. g3 e5 2. d4 d6 3. Bg2 Nd7 4. e4 Ngf6 5. Ne2 c6 6. a4 Be7 7. O-O O-O 8. Nbc3
b6 9. h3 h5 10. Be3 a6 11. b3 Bb7 12. f4 b5 13. d5 b4 14. dxc6 Bxc6 15. Nd5
Nxd5 16. exd5 Bb7 17. c4 bxc3 18. Nxc3 h4 1/2-1/2

[Event "Championnat de Paris open Fide"]
[Site "Paris"]
[Date "2016.07.16"]
[Round "8.17"]
[White "Louis, Thibault"]
[Black "Rabeyrin, Jean-Jacques"]
[Result "1-0"]
[WhiteElo "2307"]
[BlackElo "2239"]
[PlyCount "44"]
[EventDate "2016.??.??"]

1. e4 c5 2. Nc3 Nc6 3. Bb5 e6 4. Bxc6 bxc6 5. d3 d6 6. f4 Ne7 7. Nf3 Ng6 8. O-O
Be7 9. Qd2 O-O 10. b3 Qc7 11. Bb2 f5 12. e5 dxe5 13. fxe5 Nxe5 14. Nxe5 Qxe5
15. Qf4 Qd4+ 16. Kh1 Ba6 17. Qf2 Rf6 18. Na4 Qxf2 19. Rxf2 Rh6 20. h3 Rh5 21.
Ba3 f4 22. d4 e5 {suite illisible} 1-0

[Event "Championnat de Paris open Fide"]
[Site "Paris"]
[Date "2016.07.16"]
[Round "8.18"]
[White "Pruvot, Louis"]
[Black "Spielmann, Alain"]
[Result "1-0"]
[WhiteElo "2216"]
[BlackElo "2252"]
[PlyCount "67"]
[EventDate "2016.??.??"]

1. d4 e6 2. c4 f5 3. g3 Nf6 4. Bg2 c6 5. Nf3 d5 6. O-O Bd6 7. Bf4 Bxf4 8. gxf4
O-O 9. Ne5 Qe7 10. Nd2 Bd7 11. a3 Be8 12. b4 Kh8 13. c5 Rg8 14. Qb3 g5 15. fxg5
Rxg5 16. Kh1 Nbd7 17. Nxd7 Nxd7 18. f4 Rg7 19. Bf3 Nf6 20. Rg1 Bh5 21. Rxg7
Qxg7 22. Rg1 Qh6 23. Qe3 Bxf3+ 24. exf3 Nd7 25. Re1 Re8 26. Nf1 Qf6 27. Ng3 Re7
28. a4 a6 29. b5 axb5 30. axb5 cxb5 31. Ra1 Qg6 32. Ra7 h5 33. Rxb7 h4 34. c6
1-0

[Event "Championnat de Paris open Fide"]
[Site "Paris"]
[Date "2016.07.16"]
[Round "8.19"]
[White "Albaric, Etienne"]
[Black "Maleki, Manuel"]
[Result "0-1"]
[WhiteElo "2209"]
[BlackElo "2248"]
[PlyCount "67"]
[EventDate "2016.??.??"]

1. e4 c5 2. Nf3 e6 3. d4 cxd4 4. Nxd4 a6 5. Nc3 Qc7 6. g3 Bb4 7. Nde2 Nf6 8.
Bg2 Be7 9. O-O Nc6 10. a4 O-O 11. h3 d6 12. Be3 b6 13. g4 Bb7 14. Ng3 Ne5 15.
g5 Nfd7 16. Qe1 f6 17. f4 Nc4 18. Bc1 fxg5 19. f5 exf5 20. Nxf5 Bf6 21. Qg3 h6
22. h4 gxh4 23. Qg6 Nde5 24. Nxh6+ Kh8 25. Qh5 g6 26. Nf7+ Kg8 27. Nh6+ Kg7 28.
Qe2 Be7 29. Rxf8 Rxf8 30. Ng4 Bc8 31. Ne3 h3 32. Nxc4 Qxc4 33. Bh1 Bg4 34. Qe1
{suite illisible} 0-1

[Event "Championnat de Paris open Fide"]
[Site "Paris"]
[Date "2016.07.16"]
[Round "8.20"]
[White "Duquesne, Adrien"]
[Black "Kathmale, Sameer"]
[Result "1-0"]
[WhiteElo "2241"]
[BlackElo "2298"]
[PlyCount "107"]
[EventDate "2016.??.??"]

1. d4 Nf6 2. c4 b6 3. Nc3 Bb7 4. Qc2 d5 5. cxd5 Nxd5 6. e4 Nxc3 7. bxc3 e5 8.
d5 Bc5 9. Nf3 O-O 10. Bd3 c6 11. c4 Na6 12. O-O Nb4 13. Qb3 a5 14. Re1 f6 15.
Bf1 Qb8 16. a3 Na6 17. Be3 Qd6 18. Bxc5 Nxc5 19. Qxb6 Rfb8 20. Qb1 Ba6 21. Qc2
Nb3 22. Rab1 Qxa3 23. Re3 a4 24. Nd2 cxd5 25. Nxb3 axb3 26. Rexb3 Rxb3 27. Rxb3
Qc5 28. exd5 Rc8 29. Rc3 Bb7 30. Rh3 g6 31. Qa4 Rc7 32. Qe8+ Kg7 33. Rb3 Qd6
34. Qa4 Bc8 35. Qa3 Qd7 36. h3 e4 37. Rb6 Ra7 38. Qc3 Qf5 39. Qd4 Re7 40. Qc5
Kf7 41. Rb3 Bd7 42. Qd4 Qg5 43. Rb7 Bxh3 44. Rxe7+ Kxe7 45. Qxe4+ Kd8 46. d6
Bd7 47. Qe7+ Kc8 48. c5 Qc1 49. Qf8+ Kb7 50. Qd8 Bf5 51. Qc7+ Ka8 52. Qa5+ Kb7
53. Qa6+ Kb8 54. c6 1-0

[Event "Championnat de Paris open Fide"]
[Site "Paris"]
[Date "2016.07.17"]
[Round "9.1"]
[White "Moussard, Jules"]
[Black "Hemant, Sharma Del"]
[Result "1/2-1/2"]
[WhiteElo "2521"]
[BlackElo "2299"]
[PlyCount "20"]
[EventDate "2016.??.??"]

1. Nf3 d5 2. g3 Nf6 3. Bg2 g6 4. b3 Bg7 5. Bb2 O-O 6. O-O c6 7. c4 Bf5 8. d4
Nbd7 9. Nbd2 Ne4 10. e3 Nxd2 1/2-1/2

[Event "Championnat de Paris open Fide"]
[Site "Paris"]
[Date "2016.07.17"]
[Round "9.3"]
[White "Shirazi, Kamran"]
[Black "Moiseenko, Alexander"]
[Result "0-1"]
[WhiteElo "2350"]
[BlackElo "2649"]
[PlyCount "73"]
[EventDate "2016.??.??"]

1. e4 c5 2. Nf3 Nc6 3. Bb5 e6 4. O-O Nge7 5. d4 cxd4 6. Nxd4 Ng6 7. c4 Qc7 8.
Ne2 Nce5 9. b3 a6 10. Ba4 Ng4 11. g3 Bc5 12. Ba3 b5 13. Bxc5 Qxc5 14. h3 Nf6
15. cxb5 axb5 16. b4 Qe5 17. Bb3 Qxa1 18. Nec3 Bb7 19. Qd2 O-O 20. Na3 Nxe4 21.
Nxe4 Qe5 22. Nd6 Bc6 23. Nc2 Qh5 24. Nd4 Qxh3 25. Nxc6 dxc6 26. Qc3 Nh4 27.
Qxc6 Ra6 28. Qe4 Rxd6 29. gxh4 Rfd8 30. Rc1 g6 31. Qh1 Qg4+ 32. Kf1 Rd2 33. Qh2
Qe2+ 34. Kg1 R2d4 35. Qh3 Rg4+ 36. Kh1 Rdd4 37. h5 0-1

[Event "Championnat de Paris open Fide"]
[Site "Paris"]
[Date "2016.07.17"]
[Round "9.4"]
[White "Satyapragyan, Swayangsu"]
[Black "Eggleston, David J"]
[Result "1/2-1/2"]
[WhiteElo "2467"]
[BlackElo "2376"]
[PlyCount "172"]
[EventDate "2016.??.??"]

1. e4 c5 2. Nf3 d6 3. Bb5+ Nd7 4. O-O Ngf6 5. Re1 a6 6. Bd3 b6 7. c3 Ne5 8.
Nxe5 dxe5 9. Bf1 e6 10. a4 Be7 11. Na3 O-O 12. Nc4 Qc7 13. d3 Bb7 14. Bg5 b5
15. Nd2 Bc6 16. Bh4 bxa4 17. Bg3 Bb5 18. d4 cxd4 19. cxd4 Nd7 20. Nf3 Bd6 21.
Rc1 Qb8 22. dxe5 Nxe5 23. Nd4 Rd8 24. Bxb5 axb5 25. Qe2 Nd3 26. Qxd3 Bxg3 27.
hxg3 e5 28. Qxb5 exd4 29. Qxb8 Rdxb8 30. Rc4 Rxb2 31. Ra1 d3 32. Raxa4 Rab8 33.
Rd4 d2 34. Kh2 h5 35. Ra1 d1=Q 36. Raxd1 Rxf2 37. R1d2 Rxd2 38. Rxd2 Rb3 39.
Re2 Kf8 40. Ra2 g6 41. Ra8+ Ke7 42. Ra7+ Kf6 43. Ra6+ Kg7 44. Ra4 Re3 45. Rb4
Re2 46. Ra4 Kf6 47. Ra6+ Ke5 48. Ra7 Rf2 49. Re7+ Kf6 50. Ra7 Rd2 51. Ra6+ Ke5
52. Ra7 Ke6 53. Ra4 Rd7 54. Kg1 Ke5 55. Kf2 Rd2+ 56. Kf3 g5 57. Ra5+ Kf6 58.
Ra6+ Kg7 59. g4 hxg4+ 60. Kxg4 Rxg2+ 61. Kf5 g4 62. e5 g3 63. Kf4 Rg1 64. Kf3
Kf8 65. Ra7 Re1 66. Kxg3 Rxe5 67. Kf4 Rb5 68. Ra8+ Kg7 69. Ra7 Kg6 70. Ra4 f6
71. Ra8 Rb4+ 72. Kf3 Kg5 73. Ra3 f5 74. Kg3 Rb1 75. Kf3 Rh1 76. Kg2 Rh6 77. Kf2
Kg4 78. Rg3+ Kf4 79. Rf3+ Ke4 80. Re3+ Kd4 81. Re8 Rh3 82. Re7 Ra3 83. Re8 Kd5
84. Re7 Ra8 85. Kf3 Kd6 86. Re1 Kd5 1/2-1/2